000 00317nam a22001337a 4500
008 181101b xxu||||| |||| 00| 0 eng d
020 _a089303245
041 _aeng
080 _a610
100 _a4
101 _aSHM
245 _aCritical Care. Certification Preparation & Review
_cLangiftt, D.E
942 _2udc
_cBK
999 _c51513
_d51513